[Event "AUTO-OPEN-4151"]
[Site "http://www.queenalice.com/game.php?id=1604302"]
[Date "2020.3.26"]
[Round "1"]
[White "AdilProf"]
[Black "florencia1260"]
[Result "1-0"]
[WhiteElo "2229"]
[BlackElo "1766"]

1. e4 e6 2. d4 d5 3. exd5 exd5 4. Bd3 Bd6 5. h3 Nc6 6. c3 Nf6 7. Nf3 O-O 8. O-O
Re8 9. Na3 Bxa3 10. bxa3 a6 11. Bf4 h6 12. Re1 b5 13. a4 bxa4 14. Rxe8+ Nxe8 15.
Qxa4 Bd7 16. Qa3 Qe7 17. Qb3 Be6 18. Qb7 Rb8 19. Qxc6 Rb6 20. Qc5 Qxc5 21. dxc5
Rb8 22. Nd4 Rc8 23. Bxa6 Ra8 24. Bb5 Kf8 25. a4 g5 26. Bh2 Ke7 27. a5 Bd7 28.
Re1+ Kd8 29. Nc6+ Bxc6 30. Bxc6 1-0

[Event "AUTO-MASTER-2937"]
[Site "http://www.queenalice.com/game.php?id=1604808"]
[Date "2020.3.29"]
[Round "1"]
[White "AdilProf"]
[Black "parapunzi"]
[Result "1/2-1/2"]
[WhiteElo "2230"]
[BlackElo "2601"]

1. e4 c5 2. Nf3 e6 3. Nc3 a6 4. d4 cxd4 5. Nxd4 Qc7 6. Bd3 Nf6 7. f4 Bb4 8. Bd2
Bxc3 9. bxc3 d6 10. Qf3 e5 11. fxe5 dxe5 12. Qg3 Nh5 13. Qf3 exd4 14. cxd4 g6
15. Qf2 O-O 16. O-O f6 17. Rae1 Be6 18. d5 Bf7 19. g4 Ng7 20. Qxf6 Nd7 21. Qd4
Rac8 22. Re2 Qc5 23. Be3 Qxd4 24. Bxd4 g5 25. Rb1 Rc7 26. a4 Re8 27. h3 Ne5 28.
Rf2 Bg6 29. Kh2 Nd7 30. Re2 Ne5 31. Kg3 Rd7 32. Be3 Nxd3 33. cxd3 Bxe4 34. dxe4
Rxe4 35. Rbb2 h6 36. Kf2 Rxd5 37. Rxb7 Rxa4 38. Bc1 Rd1 39. Bb2 Rf4+ 40. Kg2 Rf7
41. Rb6 Kh7 1/2-1/2

[Event "AUTO-MASTER-2937"]
[Site "http://www.queenalice.com/game.php?id=1604809"]
[Date "2020.3.29"]
[Round "1"]
[White "parapunzi"]
[Black "AdilProf"]
[Result "1/2-1/2"]
[WhiteElo "2595"]
[BlackElo "2241"]

1. e4 c5 2. c3 d5 3. exd5 Qxd5 4. d4 Nf6 5. Nf3 cxd4 6. cxd4 g6 7. Nc3 Qd6 8.
Nb5 Qb6 9. d5 Bg7 10. Bc4 O-O 11. O-O Bg4 12. h3 Rc8 13. Be3 Qa5 14. Qd2 Qxd2
15. Nxd2 a6 16. Nc3 b5 17. hxg4 bxc4 18. g5 Ng4 19. Rae1 Nd7 20. Bf4 Nge5 21.
Bxe5 Bxe5 22. f4 Bxc3 23. bxc3 Nb6 24. Re5 Kf8 25. Rb1 Rab8 26. d6 exd6 27. Ra5
Nd7 28. Rxa6 Rxb1+ 29. Nxb1 Ke7 30. Nd2 d5 31. Ra7 Kd6 32. Kf2 Nc5 33. Rxf7 Ra8
34. Rxh7 Rxa2 35. Ke3 Rc2 36. Rg7 Rxc3+ 37. Ke2 Ne6 38. Rxg6 Ke7 39. Rf6 Rc2 40.
Kd1 Ra2 41. f5 Nxg5 42. Rg6 c3 43. Nc4 dxc4 44. Rxg5 Kf6 45. Rg4 Kxf5 46. Rxc4
1/2-1/2

[Event "AUTO-MASTER-2937"]
[Site "http://www.queenalice.com/game.php?id=1604810"]
[Date "2020.3.29"]
[Round "1"]
[White "AdilProf"]
[Black "ratorei"]
[Result "1-0"]
[WhiteElo "2196"]
[BlackElo "2070"]

1. e4 c5 2. Nf3 a6 3. d4 cxd4 4. Qxd4 Nc6 5. Qe3 e5 6. Bd2 d6 7. Bc4 Nf6 8. Ng5
d5 9. exd5 Nd4 10. Qxe5+ Qe7 11. Qxe7+ Bxe7 12. Kd1 O-O 13. Re1 Bd6 14. Bc3 Nf5
15. a4 Ng4 16. Ne4 Bc7 17. h3 Ngh6 18. Bb4 Rd8 19. g4 Nd4 20. Nbd2 Rb8 21. Be7
Rd7 22. Nc5 1-0

[Event "AUTO-MASTER-2937"]
[Site "http://www.queenalice.com/game.php?id=1604811"]
[Date "2020.3.29"]
[Round "1"]
[White "ratorei"]
[Black "AdilProf"]
[Result "0-1"]
[WhiteElo "2051"]
[BlackElo "2208"]

1. d4 Nf6 2. c4 e6 3. Nc3 Bb4 4. Qc2 O-O 5. a3 Bxc3+ 6. bxc3 d5 7. a4 c5 8. Ba3
Nbd7 9. a5 Qxa5 10. Bb2 Qb6 11. e3 cxd4 12. cxd4 dxc4 13. Bxc4 Qc6 14. Nf3 b5
15. Bd3 Qxc2 16. Bxc2 Bb7 17. Ke2 a5 18. Rhc1 b4 19. Bd3 a4 20. Rc7 Bxf3+ 21.
gxf3 Rfb8 22. e4 Nf8 23. Bc2 Ne8 24. Rc4 a3 25. Bc1 b3 26. Bxb3 Rxb3 27. Rc2 Nd6
0-1

[Event "AUTO-MASTER-2937"]
[Site "http://www.queenalice.com/game.php?id=1604812"]
[Date "2020.3.29"]
[Round "1"]
[White "AdilProf"]
[Black "Jsc"]
[Result "1-0"]
[WhiteElo "2204"]
[BlackElo "1952"]

1. e4 e6 2. d4 d5 3. exd5 exd5 4. Bd3 c6 5. Nf3 b6 6. Qe2+ Be7 7. O-O h6 8. Re1
Nf6 9. Bf4 Be6 10. Bxb8 Rxb8 11. Ne5 Qc7 12. Nxc6 Rc8 13. Ne5 O-O 14. Nc3 Bb4
15. Nb5 Qe7 16. c3 Bd6 17. Ng6 1-0

[Event "AUTO-MASTER-2937"]
[Site "http://www.queenalice.com/game.php?id=1604813"]
[Date "2020.3.29"]
[Round "1"]
[White "Jsc"]
[Black "AdilProf"]
[Result "0-1"]
[WhiteElo "1969"]
[BlackElo "2215"]

1. e4 c5 2. c3 d5 3. e5 Bf5 4. d4 cxd4 5. cxd4 e6 6. Nc3 Bb4 7. a3 Bxc3+ 8. bxc3
Ne7 9. Bg5 Nbc6 10. Be2 h6 11. Bh4 Qb6 12. f4 Qb2 13. Qc1 Qxc1+ 14. Rxc1 Ng6 15.
Bg3 Na5 16. Bb5+ Ke7 17. Ne2 Nb3 18. Rd1 Bc2 19. Rd2 Nxd2 20. Kxd2 Be4 21. Rg1
h5 22. Be1 h4 0-1

[Event "AUTO-MASTER-2937"]
[Site "http://www.queenalice.com/game.php?id=1622053"]
[Date "2020.7.29"]
[Round "2"]
[White "AdilProf"]
[Black "parapunzi"]
[Result "0-1"]
[WhiteElo "2282"]
[BlackElo "2609"]

1. g3 Nf6 2. Bg2 d5 3. Nf3 c5 4. O-O Nc6 5. d4 cxd4 6. Nxd4 Bg4 7. h3 Bd7 8. c4
e5 9. Nxc6 Bxc6 10. cxd5 Nxd5 11. Qb3 Bc5 12. Nc3 Nxc3 13. Bxc6+ bxc6 14. Qxc3
Qd5 15. Be3 Bxe3 16. Qxe3 O-O 17. Rfc1 Qe6 18. Kg2 Qd5+ 0-1

[Event "AUTO-MASTER-2937"]
[Site "http://www.queenalice.com/game.php?id=1622054"]
[Date "2020.7.29"]
[Round "2"]
[White "parapunzi"]
[Black "AdilProf"]
[Result "1-0"]
[WhiteElo "2607"]
[BlackElo "2284"]

1. d4 d5 2. c4 c6 3. cxd5 cxd5 4. Bf4 Nc6 5. e3 a6 6. Nc3 Nf6 7. Bd3 Bg4 8. Nge2
Rc8 9. O-O e6 10. Qb3 Na5 11. Qa4+ Nc6 12. Rfb1 Nh5 13. Be5 Bxe2 14. Bxe2 Nf6
15. Bxf6 Qxf6 16. b4 Bd6 17. b5 axb5 18. Nxb5 1-0

[Event "AUTO-MASTER-2937"]
[Site "http://www.queenalice.com/game.php?id=1622055"]
[Date "2020.7.29"]
[Round "2"]
[White "AdilProf"]
[Black "noroc"]
[Result "1-0"]
[WhiteElo "2297"]
[BlackElo "2164"]

1. g3 d5 2. Nf3 Nf6 3. Bg2 e6 4. d3 c5 5. O-O Nc6 6. c4 Be7 7. cxd5 exd5 8. d4
O-O 9. Nc3 cxd4 10. Nxd4 Bc5 11. Nb3 Bb6 12. Bg5 Be6 13. a4 Nb4 14. a5 Bc7 15.
Nc5 Rb8 16. Qb3 Bxa5 17. Bf4 d4 18. Nxe6 fxe6 19. Bxb8 dxc3 20. Be5 cxb2 21.
Bxb2 b6 22. Ba3 Nfd5 23. e4 Nf6 24. Bxb4 Bxb4 25. Qxb4 Qb8 26. Rfc1 1-0

[Event "AUTO-MASTER-2937"]
[Site "http://www.queenalice.com/game.php?id=1622056"]
[Date "2020.7.29"]
[Round "2"]
[White "noroc"]
[Black "AdilProf"]
[Result "0-1"]
[WhiteElo "2131"]
[BlackElo "2306"]

1. e4 e6 2. Nf3 d5 3. Nc3 d4 4. Nb5 c5 5. Na3 a6 6. d3 Nc6 7. c3 b5 8. Nc2 e5 9.
Be2 Nf6 10. a4 Be6 11. axb5 axb5 12. Bg5 Be7 13. O-O O-O 14. cxd4 cxd4 15. Na3
h6 16. Bd2 b4 17. Nc4 Rxa1 18. Qxa1 Bxc4 19. dxc4 Nxe4 20. Qa6 d3 21. Bd1 Qa8
22. Qxa8 Rxa8 23. Be3 Bc5 24. Bxc5 Nxc5 25. Nd2 Ra2 26. Nb3 Nxb3 27. Bxb3 Rxb2
28. Ba4 Nd4 29. c5 Ra2 30. c6 Ne2+ 31. Kh1 Rxa4 0-1

[Event "AUTO-MASTER-2937"]
[Site "http://www.queenalice.com/game.php?id=1622057"]
[Date "2020.7.29"]
[Round "2"]
[White "AdilProf"]
[Black "rich"]
[Result "1-0"]
[WhiteElo "2279"]
[BlackElo "2084"]

1. g3 d5 2. Nf3 Nf6 3. Bg2 c5 4. O-O Nc6 5. d4 Bf5 6. Bg5 e6 7. c4 cxd4 8. Nxd4
Be4 9. Nxc6 bxc6 10. Bxe4 dxe4 11. Nd2 Be7 12. Qc2 Rb8 13. Rfd1 Qb6 14. Bxf6
Bxf6 15. Nxe4 Qxb2 16. Nd6+ Ke7 17. Qe4 Rhd8 18. c5 Qe5 19. Qxc6 Qxe2 20. Qc7+
1-0

[Event "AUTO-MASTER-2937"]
[Site "http://www.queenalice.com/game.php?id=1622058"]
[Date "2020.7.29"]
[Round "2"]
[White "rich"]
[Black "AdilProf"]
[Result "0-1"]
[WhiteElo "2076"]
[BlackElo "2285"]

1. d4 d5 2. c4 c6 3. Nf3 Nf6 4. Nc3 e6 5. e3 Nbd7 6. Bd3 dxc4 7. Bxc4 b5 8. Bd3
a6 9. O-O c5 10. dxc5 Nxc5 11. Bc2 Bb7 12. Qe2 Be7 13. Rd1 Qc7 14. Bd2 O-O 15.
Rac1 Rac8 16. b4 Ncd7 17. a3 Qb8 18. Nd4 Rc7 0-1

[Event "AUTO-OPEN-4151"]
[Site "http://www.queenalice.com/game.php?id=1622572"]
[Date "2020.8.2"]
[Round "2"]
[White "jupar"]
[Black "AdilProf"]
[Result "0-1"]
[WhiteElo "1906"]
[BlackElo "2305"]

1. e4 c5 2. Nf3 Nc6 3. c3 d5 4. e5 Bg4 5. Bb5 Qb6 6. Bxc6+ Qxc6 7. d4 Bxf3 8.
gxf3 e6 9. O-O b6 10. Nd2 Ne7 11. f4 Nf5 12. Nf3 Rc8 13. Be3 Be7 14. Rc1 O-O 15.
Kh1 Rc7 16. Rg1 a5 17. Rg2 Qb5 18. Rc2 g6 19. h4 Bxh4 20. Qg1 Qd3 21. Rd2 Qe4
22. Ne1 Be7 23. f3 Qxe3 24. Qxe3 Nxe3 25. Rh2 Nf1 26. Rdg2 Nxh2 0-1

[Event "AUTO-OPEN-4151"]
[Site "http://www.queenalice.com/game.php?id=1622573"]
[Date "2020.8.2"]
[Round "2"]
[White "AdilProf"]
[Black "jupar"]
[Result "1-0"]
[WhiteElo "2291"]
[BlackElo "2093"]

1. d4 d5 2. c4 e6 3. Nc3 c6 4. Nf3 Nd7 5. e4 dxe4 6. Nxe4 Ngf6 7. Bd3 Bb4+ 8.
Nc3 h6 9. Bf4 O-O 10. O-O Re8 11. Ne5 Nf8 12. Re1 Kh8 13. Nxf7+ Kg8 14. Nxd8
Rxd8 15. Be3 b6 16. a3 Bd6 17. Qf3 Bb7 18. Bxh6 Rab8 19. Bxg7 Kxg7 20. Ne4 Nxe4
21. Rxe4 c5 22. Rg4+ 1-0

[Event "AUTO-OPEN-3892"]
[Site "http://www.queenalice.com/game.php?id=1628360"]
[Date "2020.9.28"]
[Round "2"]
[White "AdilProf"]
[Black "clovis"]
[Result "1-0"]
[WhiteElo "2316"]
[BlackElo "1891"]

1. d4 d5 2. c4 c6 3. cxd5 cxd5 4. Bf4 Nc6 5. e3 Nf6 6. Nc3 Bf5 7. Nf3 e6 8. Rc1
Bb4 9. Be2 O-O 10. O-O Rc8 11. Nh4 Na5 12. Nb5 Rxc1 13. Qxc1 a6 14. a3 Be7 15.
Bc7 axb5 16. Bxd8 Bxd8 17. Nxf5 exf5 18. Bxb5 Ne4 19. Qe1 Bc7 20. Qb4 1-0

[Event "AUTO-OPEN-3892"]
[Site "http://www.queenalice.com/game.php?id=1628361"]
[Date "2020.9.28"]
[Round "2"]
[White "clovis"]
[Black "AdilProf"]
[Result "0-1"]
[WhiteElo "1907"]
[BlackElo "2315"]

1. e4 c5 2. Nf3 e6 3. d4 cxd4 4. Nxd4 Nf6 5. Nc3 Nc6 6. Bg5 Be7 7. Be2 Qa5 8.
Bxf6 Bxf6 9. Nb5 O-O 10. O-O a6 11. Nd6 Qc7 12. Nxc8 Raxc8 13. Bd3 b5 14. Qh5
Ne5 15. f4 Qc5+ 16. Kh1 Nxd3 17. cxd3 Qxh5 0-1